<?xml version="1.0" encoding="UTF-8"?>
<record
    xmlns:xsi="http://www.w3.org/2001/XMLSchema-instance"
    xsi:schemaLocation="http://www.loc.gov/MARC21/slim http://www.loc.gov/standards/marcxml/schema/MARC21slim.xsd"
    xmlns="http://www.loc.gov/MARC21/slim">

  <leader>02569nam a2200373 i 4500</leader>
  <controlfield tag="001">2716</controlfield>
  <controlfield tag="003">gttocutb</controlfield>
  <controlfield tag="005">20260306172627.0</controlfield>
  <controlfield tag="007">ta</controlfield>
  <controlfield tag="008">260306b2005    gt |||||r|||| 001 0 spa d</controlfield>
  <datafield tag="040" ind1="0" ind2="4">
    <subfield code="a">gttocutb</subfield>
    <subfield code="b">spa</subfield>
    <subfield code="c">gttocutb</subfield>
    <subfield code="d">gttocutb</subfield>
    <subfield code="e">rda</subfield>
  </datafield>
  <datafield tag="082" ind1="0" ind2="4">
    <subfield code="a">100 C737</subfield>
  </datafield>
  <datafield tag="110" ind1="1" ind2="0">
    <subfield code="a">Universidad de San Carlos de Guatemala</subfield>
    <subfield code="b">Direcci&#xF3;n General de Investigaci&#xF3;n</subfield>
  </datafield>
  <datafield tag="245" ind1="1" ind2=" ">
    <subfield code="a">Compilaciones: de H&#xE9;ctor Nery Castalleda /</subfield>
    <subfield code="c">DIGI, USAC</subfield>
  </datafield>
  <datafield tag="264" ind1="1" ind2=" ">
    <subfield code="a">Guatemala : </subfield>
    <subfield code="b">Direcci&#xF3;n General de Investigaci&#xF3;n</subfield>
    <subfield code="c">2005.</subfield>
  </datafield>
  <datafield tag="300" ind1="1" ind2="0">
    <subfield code="a">149 p&#xE1;ginas :</subfield>
    <subfield code="c">21 cm</subfield>
  </datafield>
  <datafield tag="336" ind1="1" ind2="0">
    <subfield code="2">rdacontenido</subfield>
    <subfield code="a">texto</subfield>
    <subfield code="b">txt</subfield>
  </datafield>
  <datafield tag="337" ind1="1" ind2="0">
    <subfield code="2">rdamedio</subfield>
    <subfield code="a">sin mediaci&#xF3;n</subfield>
    <subfield code="b">n</subfield>
  </datafield>
  <datafield tag="338" ind1="1" ind2="0">
    <subfield code="2">rdasoporte</subfield>
    <subfield code="a">volumen</subfield>
    <subfield code="b">nc</subfield>
  </datafield>
  <datafield tag="505" ind1="0" ind2="4">
    <subfield code="g">Pr&#xF3;logo</subfield>
  </datafield>
  <datafield tag="505" ind1="0" ind2="4">
    <subfield code="t">Nota sobre el concepto de relaci&#xF3;n en Plat&#xF3;n --</subfield>
  </datafield>
  <datafield tag="505" ind1="0" ind2="4">
    <subfield code="t">El Dr. Recas&#xE9;ns Siches y la diferencia entre Derecho y moral --</subfield>
  </datafield>
  <datafield tag="505" ind1="0" ind2="4">
    <subfield code="t">La l&#xF3;gica general de las normas y la &#xE9;tica --</subfield>
  </datafield>
  <datafield tag="505" ind1="0" ind2="4">
    <subfield code="t">Naturaleza de las cuestiones filos&#xF3;ficas --</subfield>
  </datafield>
  <datafield tag="505" ind1="0" ind2="4">
    <subfield code="t">Primera nota sobre la filosof&#xED;a de la pedagog&#xED;a --</subfield>
  </datafield>
  <datafield tag="505" ind1="0" ind2="4">
    <subfield code="t">Nota sobre la l&#xF3;gica de los fines y medios --</subfield>
  </datafield>
  <datafield tag="505" ind1="0" ind2=" ">
    <subfield code="t">La dial&#xE9;ctica de la conciencia de si mismo.</subfield>
  </datafield>
  <datafield tag="520" ind1=" " ind2=" ">
    <subfield code="a">H&#xE9;ctor Nery Casta&#xF1;eda Calder&#xF3;n, el pensador filos&#xF3;fico latinoamericano m&#xE1;s profundo y original del siglo XX, naci&#xF3; en la aldea San Vicente Caba&#xF1;as, Zacapa, un 6 de diciembre de 1924 y falleci&#xF3; en Bloomington, Indiana, Estados Unidos de Am&#xE9;rica, el 7 de septiembre de 1991.
Fue alumno de la Escuela  Normal Militarizada, de la cual fue expulsado por su rebeld&#xED;a, ello lo oblig&#xF3; a continuar sus estudios de magisterio en Costa Rica.  De vuelta a Guatemala, cuando era presidene el Dr. &#xC1;revalo.  Fue uno de los fundadores del Centro Filol&#xF3;gico Andr&#xE9;s Bello y alumno fundador de la Facultad de Humanidades de la USAC.  En 1949 fue becado para hacer estudios en la Universidad de Minnesota, all&#xED; obtuvo una maestr&#xED;a y un doctorado en filosof&#xED;a bajo la direcci&#xF3;n de Wlfrids Sellars.  Volvi&#xF3; a nuestro pa&#xED;s  pero el ambiente politizado lo oblig&#xF3; a buscar otros horizontes, y en 1955 se march&#xF3; a Oxford, Inglaterra, donde hizo estudios posdoctorales y plane&#xF3; su admirable obra filosofica, la mayor parte escrita en idioma ingl&#xE9;s.  El presente volumen recoge la mayoria de los primeros ensayos filos&#xF3;ficos que public&#xF3; en espa&#xF1;ol, que se bibliografia total tomar&#xED;a varias p&#xE1;gina m&#xE1;s.</subfield>
  </datafield>
  <datafield tag="521" ind1=" " ind2=" ">
    <subfield code="a">Recomendado para p&#xFA;blico en general</subfield>
  </datafield>
  <datafield tag="650" ind1="1" ind2="4">
    <subfield code="2">LEMB</subfield>
    <subfield code="a">Filosof&#xED;a</subfield>
  </datafield>
  <datafield tag="650" ind1="1" ind2="4">
    <subfield code="2">LEMB</subfield>
    <subfield code="a">L&#xF3;gica &#xE9;tica</subfield>
  </datafield>
  <datafield tag="650" ind1="1" ind2="4">
    <subfield code="2">LEMB</subfield>
    <subfield code="a">Derecho y moral</subfield>
  </datafield>
  <datafield tag="942" ind1=" " ind2=" ">
    <subfield code="2">ddc</subfield>
    <subfield code="c">BK</subfield>
    <subfield code="n">0</subfield>
  </datafield>
  <datafield tag="999" ind1=" " ind2=" ">
    <subfield code="c">2716</subfield>
    <subfield code="d">2716</subfield>
  </datafield>
  <datafield tag="952" ind1=" " ind2=" ">
    <subfield code="0">0</subfield>
    <subfield code="1">0</subfield>
    <subfield code="2">ddc</subfield>
    <subfield code="4">0</subfield>
    <subfield code="7">0</subfield>
    <subfield code="8">gn</subfield>
    <subfield code="a">BICUNTOTO</subfield>
    <subfield code="b">BICUNTOTO</subfield>
    <subfield code="c">GEN</subfield>
    <subfield code="d">2012-06-04</subfield>
    <subfield code="e">donaci&#xF3;n</subfield>
    <subfield code="f">516</subfield>
    <subfield code="i">516</subfield>
    <subfield code="l">0</subfield>
    <subfield code="o">100 C737</subfield>
    <subfield code="r">2026-03-06 14:54:00</subfield>
    <subfield code="w">2026-03-06</subfield>
    <subfield code="y">BK</subfield>
  </datafield>
  <datafield tag="952" ind1=" " ind2=" ">
    <subfield code="0">0</subfield>
    <subfield code="1">0</subfield>
    <subfield code="2">ddc</subfield>
    <subfield code="4">0</subfield>
    <subfield code="7">0</subfield>
    <subfield code="8">gn</subfield>
    <subfield code="a">BICUNTOTO</subfield>
    <subfield code="b">BICUNTOTO</subfield>
    <subfield code="c">GEN</subfield>
    <subfield code="d">2012-06-04</subfield>
    <subfield code="e">donaci&#xF3;n</subfield>
    <subfield code="f">516</subfield>
    <subfield code="i">516</subfield>
    <subfield code="l">0</subfield>
    <subfield code="o">100 C737c1</subfield>
    <subfield code="r">2026-03-06 14:54:00</subfield>
    <subfield code="w">2026-03-06</subfield>
    <subfield code="y">BK</subfield>
  </datafield>
  <datafield tag="952" ind1=" " ind2=" ">
    <subfield code="0">0</subfield>
    <subfield code="1">0</subfield>
    <subfield code="2">ddc</subfield>
    <subfield code="4">0</subfield>
    <subfield code="7">0</subfield>
    <subfield code="8">gn</subfield>
    <subfield code="a">BICUNTOTO</subfield>
    <subfield code="b">BICUNTOTO</subfield>
    <subfield code="c">GEN</subfield>
    <subfield code="d">2012-06-04</subfield>
    <subfield code="e">donaci&#xF3;n</subfield>
    <subfield code="f">516</subfield>
    <subfield code="i">516</subfield>
    <subfield code="l">0</subfield>
    <subfield code="o">100 C737c2</subfield>
    <subfield code="r">2026-03-06 14:54:00</subfield>
    <subfield code="w">2026-03-06</subfield>
    <subfield code="y">BK</subfield>
  </datafield>
  <datafield tag="952" ind1=" " ind2=" ">
    <subfield code="0">0</subfield>
    <subfield code="1">0</subfield>
    <subfield code="2">ddc</subfield>
    <subfield code="4">0</subfield>
    <subfield code="7">0</subfield>
    <subfield code="8">gn</subfield>
    <subfield code="a">BICUNTOTO</subfield>
    <subfield code="b">BICUNTOTO</subfield>
    <subfield code="c">GEN</subfield>
    <subfield code="d">2012-06-04</subfield>
    <subfield code="e">donaci&#xF3;n</subfield>
    <subfield code="f">516</subfield>
    <subfield code="i">516</subfield>
    <subfield code="l">0</subfield>
    <subfield code="o">100 C737c3</subfield>
    <subfield code="r">2026-03-06 14:54:00</subfield>
    <subfield code="w">2026-03-06</subfield>
    <subfield code="y">BK</subfield>
  </datafield>
</record>
